00652cam3a220018100 4500001001200000003000500012005001700017035002000034050002100054008004100075020001600116100007700132245009900209260004500308500003800353651006000391999001900451tmp15223523UPRA20190826102733.0 a(Sirsi) r104948 aDS 821 HAS 1938.950718s1938 ja eng u a087001151701 aHasegawa, Nyozekan, 1875-1969.dHasegawa, Nyozekan, 1875-1969.6A61944.114aThe Japanese character :ba cultural profile /cNyozekan Hasegawa ; translated by John Bester. aTokyo :bKodansha International,c[1938] aTranslation of Nihonteki Seikaku. 0aJapan -- Civilization.xJapan -- Civilization.6S4949.1 c164789d164789